1890 1026 1630 1716 1770 1924 1672 1050 1301 1266 1261 1071 1321 1993 1327 1099 1944 1660 1279 1678 1060 1709 1008 1800 1333 1180 1141 1839 1453 1314 1270 1997 1539 1787 1030 1866 1064 1823 1333 1382 1689 1260 1814 1292 1931 1046 1020 1413 1699 1377 1664 1820 1818 1802 1265 1818 1745 1785 1178 1825 1685 1309 1914 1264 1923 1341 1884 1314 1804 1852 1299 1024 1749 1603 1887 1035 1298 1275 1067 1825 1180 1576 1327 1765 1006 1201 1286 1350 1034 1962 1380 1491 1341 1891 1306 1398 1881 1551 1865 BCNSPRNW ULIB Ver.6.0+V

เปลี่ยนเป็นภาษาไทย

Change to English
 แสดงรายละเอียดบรรณานุกรม
  กลับหน้าหลัก

Brief Record : Get Marc (ISO 2709) : E-mail record : QR code < ปิดหน้าต่าง
LEADER : 00000nam 2200000uu 4500
001    13399111349
003     ULIB
008    110623s2549||||th 000 0 tha d
020    974571936 (ล.1)
020    9789745971936 (ล.1)
050  4 QD31^bป418ค ล.2 2549
100 0  ประเสริฐ ศรีไพโรจน์
245 10 เคมีพื้นฐาน เล่ม 2 /^cประเสริฐ ศรีไพโรจน์
250    พิมพ์ครั้งที่ 3
260    กรุงเทพฯ :^bภาควิชาเคมี คณะวิทยาศาสตร์มหาวิทยาลัยศรีนครินทรวิโรฒ,^c2549
300    387 หน้า :^bภาพประกอบ ;^c27 ซม.
650  7 เคมี^xการศึกษาและการสอน (อุดมศึกษา)
650  7 เคมี
710 2  มหาวิทยาลัยศรีนครินทรวิโรฒ. ^bคณะวิทยาศาสตร์.^bภาควิชาเคมี
945    ^p250^l0^i14383
945    ^p250^l0^i14382
995    กัณชพร
999    ^aใช้งานได้ทุกระบบ
รายการนี้ยังไม่มีแท็ก
คุณยังไม่ได้ล็อกอิน คุณสามารถมีกิจกรรมร่วมกับเว็บไซต์ได้ แต่ต้องล็อกอินก่อน ::
  ล็อกอิน

รายการสื่อสารสนเทศ

ลำดับที่ ประเภท เลขเรียก/บาร์โค้ด สถานที่ สถานะ
- ไม่พบข้อมูล -

รายการใกล้เคียง
    ผู้แต่ง [ประเสริฐ ศรีไพโรจน์]

    หัวเรื่อง [เคมี]

BibComment


ยังไม่เคยถูกคอมเมนท์

คอมเมนท์ทรัพยากรรายการนี้
  คอมเมนท์: เคมีพื้นฐาน เล่ม ..


 Copyright 2026. Bcnsprnw @Library